| 000 | 01393nam0a22003011 4500 | ||
|---|---|---|---|
| 001 | rc\4310509 | ||
| 005 | 20260406092030.0 | ||
| 021 |
_aRU _bП493-67 |
||
| 035 | _a(NLR Aleph) 008260192 | ||
| 090 |
_a8391955 _c8391955 |
||
| 100 | _a20130416d1966 |||y0rusy50 ca | ||
| 101 | 0 | _arus | |
| 102 | _aRU | ||
| 105 | _ay b ||||| | ||
| 200 | 1 | _aГорячее цинкование сортового проката и металлических конструкций | |
| 210 |
_aМосква _cБ. и. _d1966 |
||
| 215 |
_a7 с. _d26 |
||
| 225 | 1 |
_aМинистерство черной металлургии СССР. Центральный научно-исследовательский институт информации и технико-экономических исследований черной металлургии. Информация _hСерия 7 _iПрокатное производство _v№ 12 |
|
| 300 | _aОтпеч. множит. аппаратом | ||
| 300 | _aНа обл. авт. не указан | ||
| 320 | _aБиблиогр.: с. 7 | ||
| 700 | 1 |
_8rus _7ca _aВладимиров _bЮ. В. _cмемуарист, канд. техн. наук _f1921- _gЮрий Владимирович _3RU\NLR\AUTH\7762453 _945383 |
|
| 801 | 0 |
_aRU _bNLR _gpsbo |
|
| 801 | 1 |
_aRU _bELAR _2rusmarc |
|
| 852 |
_aNLR _jП11/2432 |
||
| 942 | _cBOOK | ||
| 980 | _aNB | ||